Southville International School and Colleges
Your cart is empty.
  • Cart
  • Lists
    Public lists Eva Luna New books Lux_list list_1
    Your lists Log in to create your own lists
  • Log in to your account
  • Your cookies
  • Search history
Southville International School and Colleges
  • Advanced search
  • Recent comments
  • Most popular
  • Libraries

Log in to your account

Log in with GOOGLE


If you do not have an external account, but do have a local account, you can still log in:

  1. Home
  2. MARC view: Operations and supply management /
Normal view MARC view ISBD view

Operations and supply management / (Record no. 284518)

[ view plain ]
MARC details
000 -LEADER
fixed length control field 00678nam a22002177a 4500
003 - CONTROL NUMBER IDENTIFIER
control field PILC
005 - DATE AND TIME OF LATEST TRANSACTION
control field 20150529162012.0
008 - FIXED-LENGTH DATA ELEMENTS--GENERAL INFORMATION
fixed length control field 150529b xxu||||| |||| 00| 0 eng d
020 ## - INTERNATIONAL STANDARD BOOK NUMBER
International Standard Book Number 9789814646918
020 ## - INTERNATIONAL STANDARD BOOK NUMBER
International Standard Book Number 9814646911
050 ## - LIBRARY OF CONGRESS CALL NUMBER
Classification number TS 155
Item number .J17 2011
100 ## - MAIN ENTRY--PERSONAL NAME
Personal name Jacobs, F. Robert.
245 ## - TITLE STATEMENT
Title Operations and supply management /
Statement of responsibility, etc F. Robert Jacobs, Richard B. Chase.
250 ## - EDITION STATEMENT
Edition statement 14th global ed.
260 ## - PUBLICATION, DISTRIBUTION, ETC. (IMPRINT)
Place of publication, distribution, etc NY :
Name of publisher, distributor, etc McGraw-Hill Education,
Date of publication, distribution, etc 2011.
300 ## - PHYSICAL DESCRIPTION
Extent xxxv, 762 pages :
Other physical details illustrations ;
Dimensions 28 cm.
500 ## - GENERAL NOTE
General note Includes bibliographical references and index.
650 ## - SUBJECT ADDED ENTRY--TOPICAL TERM
Topical term or geographic name as entry element Production management.
700 ## - ADDED ENTRY--PERSONAL NAME
Personal name Chase, Richard B.
942 ## - ADDED ENTRY ELEMENTS (KOHA)
Source of classification or shelving scheme Library of Congress Classification
Koha item type Books
Call number prefix Foreign
Holdings
Withdrawn status Lost status Source of classification or shelving scheme Damaged status Home library Current library Shelving location Date acquired Source of acquisition Sub Shelving location Total Checkouts Total Renewals Full call number Barcode Date last seen Date checked out Price effective from Koha item type
    Library of Congress Classification   College Library College Library Reserve Section 05/29/2015 Library Fund   23 101 TS 155 .J17 2011 C19439 02/17/2022 01/03/2022 05/29/2015 Books

Operations and supply management /

APA

Jacobs F. R., Chase R. B., . (2011). Operations and supply management. NY: McGraw-Hill Education.

Chicago

Jacobs F Robert, Chase Richard B, . 2011. Operations and supply management. NY: McGraw-Hill Education.

Harvard

Jacobs F. R., Chase R. B., . (2011). Operations and supply management. NY: McGraw-Hill Education.

MLA

Jacobs F Robert, Chase Richard B, . Operations and supply management. NY: McGraw-Hill Education. 2011.

  • Place hold
  • Print
  • Cite
  • Add to your cart (remove)
  • Save record
    BIBTEX Dublin Core MARCXML MARC (non-Unicode/MARC-8) MARC (Unicode/UTF-8) MARC (Unicode/UTF-8, Standard) MODS (XML) RIS
  • More searches
    Search for this title in:
    Other Libraries (WorldCat) Other Databases (Google Scholar) Online Stores (Bookfinder.com) Open Library (openlibrary.org)

Exporting to Dublin Core...

SOUTHVILLE LIBRARY

Southville International School and Colleges Library

1281 Tropical Ave. Cor. Luxembourg St., BF Homes International, Las Pinas City

Tel. No. 8256374 / 252358 Loc. 117/146

Powered by Koha